ロード中...
Abhipraya Vimarsanangal
| 第一著者: | |
|---|---|
| フォーマット: | Printed Book |
| 言語: | Malayalam |
| 出版事項: |
|
| LEADER | 00362nam a2200121Ia 4500 | ||
|---|---|---|---|
| 008 | 111205s9999 xx 000 0 mal d | ||
| 100 | |a Fr.Joseph | ||
| 245 | |a Abhipraya Vimarsanangal |c Fr.Joseph | ||
| 260 | |c 0 | ||
| 300 | |a 22 | ||
| 942 | |c BK | ||
| 999 | |c 224985 |d 224985 | ||
| 952 | |0 0 |1 0 |2 ddc |4 1 |7 0 |9 248380 |a MAL |b MAL |c ST1 |d 2011-12-05 |g 0.00 |l 0 |p MAL8656 |r 2011-12-05 |v 0.00 |w 2011-12-05 |y BK | ||